000 00730nam a2200253Ia 4500
003 OSt
005 20220925200655.0
006 a|||||r|||| 00| 0
007 ta
008 220923b |||||||| |||| 00| 0 eng d
020 _c200.00
037 _b188, 15/10/1987, Amit
_cGeneral Book
040 _aRTL
_cRTL
_beng
041 _2eng
_aeng
082 _aX:8M, M7
100 _aSingh Y P
_9258226
245 0 _aOffice management and secretarial practice
260 _aDelhi
_bGian Publishing India
_c1987
300 _axiii,402p.
_ccm.
650 _aOffice Management
700 _a Singh B
_9211537
942 _hX:8M, M7
_cGB
_2CC
999 _c537411
_d537411